| 000 | 00494nam a22001817a 4500 | ||
|---|---|---|---|
| 003 | 0 | ||
| 005 | 20241115105443.0 | ||
| 008 | 231118b xxu||||| |||| 00| 0 eng d | ||
| 020 | _a978-0-19-275904-7 | ||
| 050 |
_aFIC _bW636 2018 |
||
| 082 |
_aFic _b.W636 2018 |
||
| 100 | _aWickson, Elaine | ||
| 245 |
_aPlanet stan: my life in pie charts _cElaine Wickson |
||
| 260 |
_aOxford _bOxford University Press _cc2018. |
||
| 300 |
_a230 pages ; _c20 cm. |
||
| 650 | _aFiction. | ||
| 942 |
_2ddc _cBK |
||
| 999 |
_c365629 _d365629 |
||